000 01965nam a2200349 a 4500
999 _c115809
_d115809
003 BLK
005 20250409123537.0
008 180409b bul|||||r ||||||| ||bul||
010 _aKNG00121312000
040 _aBLK
041 _aBUL
_cBUL
080 _aПедиатрия. Детски болести. Вж и 613.22 ; 613.95
_b616-053.2
_z616-053.2
100 1 _aГълъбова, Мария
_eпърви автор
_9376336
139 _aСоциална педиатрия
_bС 54
245 1 0 _aСоциална педиатрия
_bМоногр.
_cМария Гълъбова; под ред. на Митрофан Яковлевич Студеникин; под ред. на Лора Георгиева Бакалова.
257 _aBGR
260 _bМедицина и физкултура
_c1981
_aСофия
300 _a315 с.
_bс табл., диагр.
_c25 см
380 _a61
500 _aДруги авт.: А. Ефимова, Б. Захариев, Ив. Керековски, К. Ладодо, Ев. Лепарский, Н. Макелская, Р. Семерджиева-Величкова, М. Я. Студенкин, В. Таточенко, Р. Тонкова-Ямполская, Хр. Христозов, М. Цонев, отбелязани на с. 5. - 1 010 тир. - Библиогр. след отд. гл. - Съвместен труд на бълг. и съв. авт.
650 4 _aПедиатрия
_9165998
650 4 _aСоциална медицина
_9171468
700 1 _aСтуденикин, Митрофан Яковлевич
_eпод ред. на
_9126577
700 1 _aБакалова, Лора Георгиева
_eпод ред. на
_9376337
852 _aЦб 108044
856 4 _qpdf
_i0.00
_ldisable
856 4 _qpdf
_i0.00
_ldisable
942 _cKNG
_n0
_s1
_01
944 _aCR
_c02.02.2018
_k30531
_lЦветелина Шанова
944 _aED
_c02.02.2018
_kГрета_Цуфелде
999 _d115809